| 000 | 00422nam a2200157Ia 4500 | ||
|---|---|---|---|
| 003 | IQ-KOUCL | ||
| 041 | _aKurdish | ||
| 082 | _a891,6002 cut-959 ع | ||
| 100 | _a20260118u\\\\\\\\\\\y0engy0103\\\\ba | ||
| 100 | _aچاپوک سەید عومەر | ||
| 245 | 0 | _aنامەکان دیرۆکن | |
| 250 | _aچ1 | ||
| 260 |
_bجابخابەى حەمدى _aسلیمانى - العراق _c2020 |
||
| 300 | _a300 | ||
| 942 | _cBk | ||
| 999 |
_c186712 _d186712 |
||